LEADER 01103nam a2200277 i 4500 001 000000152597 003 CaOOAMICUS 005 20060817000000.0 008 060817s1958 it u000 u ita u 013 $a129938 040 $aSeMil$bita 100 1 $aChouraqui, André,$d<1917-2007>.$0(OLS)http://semarc/name/5373 240 12$aL'état d'Israël.$0(OLS)http://semarc/title/223125 245 13$aLo stato d'Israele /$cAndré Chouraqui. 250 $a1. ed. 260 $aMilano :$bGarzanti,$c1958. 300 $a125 p. ;$c18 cm. 490 0 $aSaper tutto : Enciclopedia del 20. secolo ;$v109 500 $aContiene : Bibliografia sommaria. 650 4$aIsraele - Storia.$0(OLS)http://semarc/subject/2482 830 0$aSaper tutto : Enciclopedia del 20. secolo ;$v109.$0(OLS)http://semarc/title/21400 850 $aSeMil 852 $aSeMil$W1$xVenegono$y1$m3V I 360$j104551$B104551$CSeMilBibl$Z2$F113614 $81 961 $aLascito: Gogna prof.ssa Silvia 996 $6245$aLo stato d'Israele$9(OLS)http://semarc/title/223124 996 $6260$aMilano :$bGarzanti$9(OLS)http://semarc/publisher/29852 LEADER 01054nam a2200265 i 4500 001 000000076174 003 CaOOAMICUS 005 20100805000000.0 008 100805s1994 it u000 u ita u 013 $a47346 020 $a88-85681-50-4 040 $aSeMil$bita 100 1 $aAugé, Marc.$0(OLS)http://semarc/name/21269 240 10$aDomaines et châteaux.$0(OLS)http://semarc/title/123456 245 10$aVille e tenute :$betnologia della casa di campagna /$cMarc Augé. 260 $aMilano :$bElèuthera,$c1994. 300 $a125 p. ;$c19 cm. 650 4$aAbitazioni.$0(OLS)http://semarc/subject/15553 650 4$aEtnologia.$0(OLS)http://semarc/subject/1377 850 $aSeMil 852 $aSeMil$W1$xVenegono$y1$m2O III 338$j42326$B42326$CSeMilBibl$Z2$F42330 $81 961 $aOmaggio: Donazione 996 $6020$a88-85681-50-4$9(OLS)http://semarc/number/56951 996 $6245$aVille e tenute :$betnologia della casa di campagna$9(OLS)http://semarc/title/123455 996 $6260$aMilano :$bElèuthera$9(OLS)http://semarc/publisher/40365 LEADER 01560nam a2200301 i 4500 001 000000342770 003 CaOOAMICUS 005 20201124112647.0 008 201030s2011 ne u000 u ger u 013 $a238029 020 $a978-2-503-54215-7$cvol. 1 020 $a978-2-503-54216-4$cvol. 2 040 $aSeMil$bita 100 0 $aSicardus : Cremonensis,$d<1155-1215>.$0(OLS)http://semarc/name/65217 245 10$aMitralis :$bder Gottesdienst der Kirche /$cSicard von Cremona ; Einleitung, Übersetzung und Anmerkungen von Lorenz Weinrich. 264 1$aTurnhout :$bBrepols,$c2011. 300 $a2 v. (810 p.) ;$c26 cm 504 $aBibliography, p. 48-58 700 1 $aWeinrich, Lorenz,$d<1929- >.$0(OLS)http://semarc/name/65219 765 0 $aSicardus : Cremonensis <1155-1215>$tSicardi Cremonensis Episcopi Mitralis de officiis.$dTurnhout : Brepols, 2008.$kCorpus Christianorum. Continuatio Mediaevalis$z978-2-503-05281-6$w()174789 774 0 $t1: Einleitung, A, Allgemeiner Teil.$dTurnhout : Brepols, 2011.$w()342771 774 0 $t2: B, Das Kirchenjahr, Indices.$dTurnhout : Brepols, 2011.$w()342772 830 0$aCorpus christianorum in translation ;$v9.$0(OLS)http://semarc/title/9239 996 $6020$a978-2-503-54215-7$cvol. 1$9(OLS)http://semarc/number/291539 996 $6020$a978-2-503-54216-4$cvol. 2$9(OLS)http://semarc/number/291540 996 $6245$aMitralis :$bder Gottesdienst der Kirche$9(OLS)http://semarc/title/431641 996 $6264$aTurnhout :$bBrepols$9(OLS)http://semarc/publisher/29626